| 000 | 00601nam a2200229 i 4500 | ||
|---|---|---|---|
| 001 | 13874 | ||
| 003 | ES-MaACL | ||
| 005 | 20230906150659.0 | ||
| 007 | t| | ||
| 008 | 980715s1968 fr ||||1| fre d | ||
| 020 | _a2-02-002439-X | ||
| 080 | _a1"19" | ||
| 100 | 1 |
_aDufrenne, Mikel. _945915 |
|
| 245 | 1 | 0 |
_aPour l'homme _b: essai / _cMikel Dufrenne. |
| 260 |
_aParis : _bEditions du Seuil, _c1968. |
||
| 300 |
_a251 p. ; _c21 cm. |
||
| 490 | 1 | _aEsprit | |
| 650 | 1 | 4 |
_aFilosofĂa- _yS.XX. _912826 |
| 830 | 0 |
_aEsprit _9179551 |
|
| 852 |
_aES-MaACL _jL-21325 _bR.113566 |
||
| 999 |
_c13874 _d13874 |
||